| 000 | 00695nam a2200241 4500 | ||
|---|---|---|---|
| 003 | OSt | ||
| 005 | 20260530113916.0 | ||
| 008 | 260508b1998 |||ao||| |||| 00| 0 spa d | ||
| 040 |
_aICI _bspa _cICI _erda |
||
| 050 |
_aNE2236 _bC38 |
||
| 100 | _eautor | ||
| 245 | _aCatálogo de obra de taller de serigrafía | ||
| 264 |
_aMéxico _bPresidencia Municipal Querétaro _c1998 |
||
| 300 | _a32 páginas | ||
| 336 |
_2rdacontent _atexto |
||
| 337 |
_2rdamedia _asin medio |
||
| 338 |
_2rdacarrier _avolumen |
||
| 650 |
_2Serigrafía _vCatálogos _934157 |
||
| 650 |
_aGrabado mexicano _9404 |
||
| 650 |
_aArtes gráficas _919721 |
||
| 650 |
_aTalleres de arte _zMéxico _934158 |
||
| 942 |
_2lcc _n1 _cBK |
||
| 999 |
_c12308 _d12308 |
||